Lord of the Rings Characters - Statistics

General Stats
  • This quiz has been taken 16 times
  • The average score is 16 of 27
Answer Stats
Hint Answer % Correct
Our Protagonist Frodo Baggins
100%
His companion, the Grey Wizard Gandalf the Grey
100%
His companion, the elvish prince Legolas Thranduilion
100%
His most loyal companion Samwise Gamgee
100%
The Enemy Sauron
100%
His companion, heir to the throne of Gondor Aragorn Elessar
93%
His companion, the dwarvish warrior Gimli Gloinul
93%
His companion, the Captain of Gondor Boromir
87%
His companion, the Esquire of Rohan Meriadoc Brandybuck
87%
The elvish lord Elrond Peredhel
80%
His companion, the Guard of the Citadel Peregrin Took
80%
His daughter Arwen Undomiel
67%
Our Protagonist's favourite cousin Bilbo Baggins
60%
His one-time Master Morgoth Bauglir
60%
His fortress Barad-Dur
53%
The Ringmaker Celebrimbor Tyelperinquar
47%
The dwarven city nearby Khazad-Dum
47%
The leader of his company Thorin Oakenshield
47%
The Undying Lands Valinor
40%
His sons Elladan and Elrohir
33%
His mother Elwing Dioriel
33%
His enemy Smaug the Golden
33%
His fortress Angband
27%
The dwarf he often worked with Narvi
13%
His mother's necklace Nauglamir
13%
His father Curufinwe Atarinke Feanorion
7%
His city Ost-in-Edhil
7%
No matching quizzes found
Score Distribution
Percent of People with Each Score
Percentile by Number Answered
Your Score History
You have not taken this quiz